Tile Select - Movies #2 - Statistics

General Stats
  • This quiz has been taken 683 times
  • The average score is 40 of 60
Answer Stats
Question Tile Select % Correct
movies based on books Toy Story No
96%
movies based on books Avatar No
90%
movies based on books Back to the Future No
90%
movies based on books The Shining Yes
88%
movies based on books Dune Yes
87%
movies based on books Pulp Fiction No
87%
movies Julia Roberts starred in Pretty Woman Yes
84%
movies Julia Roberts starred in The Silence of the Lambs No
82%
movies Julia Roberts starred in Mission: Impossible No
81%
movies based on books Star Wars No
81%
movies Julia Roberts starred in The Bourne Identity No
81%
movies that ARE NOT James Bond movies Die Another Day No
79%
movies based on books Inception No
79%
movies Julia Roberts starred in Thomas Crown No
79%
movies directed by Stanley Kubrick West Side Story No
78%
movies directed by Stanley Kubrick A Clockwork Orange Yes
77%
movies that ARE NOT James Bond movies Licence to Kill No
77%
movies directed by Stanley Kubrick Easy Rider No
76%
movies directed by Stanley Kubrick Lawrence of Arabia No
76%
movies directed by Stanley Kubrick Ben-Hur No
75%
movies that ARE NOT James Bond movies Tomorrow Never Dies No
74%
movies for which John Williams composed the music Avengers: Endgame No
72%
movies Julia Roberts starred in Notting Hill Yes
72%
movies that ARE NOT James Bond movies Live and Let Die No
71%
movies based on books The Little Mermaid Yes
71%
movies directed by Stanley Kubrick Platoon No
70%
movies that ARE NOT James Bond movies No Time to Cry Yes
69%
movies Julia Roberts starred in Erin Brockovich Yes
67%
movies that ARE NOT James Bond movies For Your Eyes Only No
67%
movies for which John Williams composed the music Jurassic Park Yes
67%
movies Julia Roberts starred in Magnolia No
67%
movies based on books The Godfather Yes
67%
movies directed by Stanley Kubrick Full Metal Jacket Yes
66%
movies directed by Stanley Kubrick Planet of the Apes No
66%
movies for which John Williams composed the music Armageddon No
65%
movies that ARE NOT James Bond movies From Paris with Love Yes
65%
movies directed by Stanley Kubrick Eyes Wide Shut Yes
64%
movies Julia Roberts starred in Ocean's Eleven Yes
64%
movies for which John Williams composed the music Star Wars Yes
64%
movies Julia Roberts starred in Four Weddings and a Funeral No
63%
movies for which John Williams composed the music Gremlins No
63%
movies that ARE NOT James Bond movies You Only Live Twice No
63%
movies for which John Williams composed the music Raiders of the Lost Ark Yes
62%
movies for which John Williams composed the music The Lord of the Rings (film series) No
58%
movies that ARE NOT James Bond movies The Spy Who Killed Me Yes
56%
movies for which John Williams composed the music The Goonies No
54%
movies for which John Williams composed the music Back to the Future No
53%
movies directed by Stanley Kubrick Dr. Strangelove Yes
53%
movies Julia Roberts starred in Eat Pray Love Yes
53%
movies that ARE NOT James Bond movies The World Never Dies Yes
53%
movies based on books Apocalypse Now Yes
52%
movies that ARE NOT James Bond movies The Man with the Golden Eye Yes
52%
movies that ARE NOT James Bond movies You Only Die Once Yes
50%
movies for which John Williams composed the music Harry Potter and the Philosopher's Stone Yes
44%
movies Julia Roberts starred in Hook Yes
39%
movies directed by Stanley Kubrick Barry Lyndon Yes
38%
movies based on books Jaws Yes
37%
movies for which John Williams composed the music Home Alone Yes
36%
movies for which John Williams composed the music War of the Worlds Yes
32%
movies directed by Stanley Kubrick Spartacus Yes
31%
No matching quizzes found
Score Distribution
Percent of People with Each Score
Percentile by Number Answered
Your Score History
You have not taken this quiz